Les 10 pays les plus homophobes du monde. - Statistiques

Statistiques générales
  • Ce quiz a été pris 528 fois
  • Le résultat moyen est 5 sur 10
Statistiques - réponses
Rang Pays % Correct
3 Arabie Saoudite
77%
5 Iran
76%
9 Irak
69%
2 Afghanistan
60%
6 Qatar
54%
7 Yémen
46%
8 Nigéria
25%
10 Soudan
24%
4 Mauritanie
14%
1 Brunei
9%
Aucun quiz correspondant
Distribution des résultats
% des personnes avec chaque résultat
Percentile par nombre de réponses
Votre historique - résultats
Vous n’avez pas pris ce quiz